000 00577nam a2200229Ia 4500
003 OSt
005 20221007063701.0
006 a|||||r|||| 00| 0
007 ta
008 221006b |||||||| |||| 00| 0 eng d
024 _a28,652
037 _cTextual
040 _aFLL
_cFLL
_beng
041 _2eng
_aeng
082 _aZQ7,2,414, N9
100 _aKader S.A.
245 0 _aLaw of wakfs
260 _aCalcutta
_bEastern Law House India
_c1999
300 _a486p
_ccm.
942 _hZQ7,2,414, N9
_cTEXL
_2CC
999 _c1131862
_d1131862